|
|
|
|
| LEADER |
00727cam a2200193 7i4500 |
| 001 |
0000042648 |
| 005 |
20170218090000.0 |
| 020 |
|
|
|a 9781906093464 (hbk.)
|
| 020 |
|
|
|a 1906093466 (hbk.)
|
| 090 |
0 |
0 |
|a HD60
|b .C37 2010
|
| 100 |
1 |
|
|a Cohen, Elaine
|
| 245 |
1 |
0 |
|a CSR for HR :
|b a necessary partnership for advancing responsible business practices
|c Elaine Cohen.
|
| 260 |
|
|
|a Sheffield, UK.:
|b Greenleaf Pub.,
|c 2010.
|
| 300 |
|
|
|a 324 p.:
|b ill.;
|c 24 cm.
|
| 650 |
0 |
0 |
|a Personnel management
|
| 650 |
0 |
0 |
|a Social responsibility of business
|
| 997 |
|
|
|a Business & Accountancy, Faculty
|
| 997 |
|
|
|a Communication, Visual Art & Computing, Faculty
|b Communication, Department
|
| 999 |
|
|
|a 0000052214
|b BOK
|c OPEN SHELF
|e 1st Floor, Bestari Jaya
|